Nicaragua y el Canal: explican la ofensiva de Estados Unidos. Entrevista a Carmen Miró /
Para Carmen Miró, la renuncia del presidente Del Valle en Panamá y su sustitución por Solís Palma, en un golpe de Estado su importancia se disminuye por el hecho de que Del Valle llegó a la presidencia de manera fraudulenta. El problema con Noriega y la intervención de los Estados Unidos obedece, má...
Guardado en:
| Autor principal: | |
|---|---|
| Otros Autores: | |
| Formato: | Texto |
| Materias: | |
| Etiquetas: |
Agregar Etiqueta
Sin Etiquetas, Sea el primero en etiquetar este registro!
|
MARC
| LEADER | 00000 a a2200000 04500 | ||
|---|---|---|---|
| 001 | 4380 | ||
| 003 | |||
| 040 | |||
| 100 | |a Quijano, José Manuel | ||
| 245 | |a Nicaragua y el Canal: |b explican la ofensiva de Estados Unidos. Entrevista a Carmen Miró / |c José Manuel Quijano ; Carmen A. Miró G | ||
| 520 | |a Para Carmen Miró, la renuncia del presidente Del Valle en Panamá y su sustitución por Solís Palma, en un golpe de Estado su importancia se disminuye por el hecho de que Del Valle llegó a la presidencia de manera fraudulenta. El problema con Noriega y la intervención de los Estados Unidos obedece, más que a un problema de narcotráfico a las relaciones Panamá-Nicaragua y al cumplimiento de los tratados canaleros |a que ante esta situación los países de América Latina no han sido muy solidarios y se justifican argumentando el no apoyo a Noriega, cuando la soberanía de Panamá y el peligro de una intervención militar es evidente. AR/JM | ||
| 650 | |a FUERZAS ARMADAS | ||
| 650 | |a DICTADURA | ||
| 650 | |a CORRUPCION | ||
| 650 | |a RELACIONES BILATERALES | ||
| 650 | |a RELACIONES NORTE |z -SUR | ||
| 650 | |a INTERVENCION EXTRANJERA | ||
| 650 | |a IMPERIALISMO | ||
| 650 | |a ZONA DEL CANAL DE PANAMA | ||
| 650 | |a COOPERACION INTERNACIONAL | ||
| 650 | |a COMERCIO DE DROGAS | ||
| 700 | |a Miró G, Carmen A. | ||
| 773 | |g volumen 3, número 29; páginas 44-45 | ||
| 999 | |c 28585 |d 28585 | ||
| 773 | 0 | |0 42572 |9 3690 |a Centro de Estudios Uruguay-América Latina |d Uruguay: Centro de Estudios Uruguay-América Latina |o MFN: 0412 |t Cuadernos de Marcha/ | |
